Les littoraux français : Permanences, changements, enjeux (notice n° 1905602)
[ vue normale ]
| 000 -LEADER | |
|---|---|
| fixed length control field | 00999cam a2200169 4500500 |
| 005 - DATE AND TIME OF LATEST TRANSACTION | |
| control field | 20260329020340.0 |
| 041 ## - LANGUAGE CODE | |
| Language code of text/sound track or separate title | fre |
| 042 ## - AUTHENTICATION CODE | |
| Authentication code | dc |
| 100 10 - MAIN ENTRY--PERSONAL NAME | |
| Personal name | Desse, Michel |
| Relator term | author |
| 245 00 - TITLE STATEMENT | |
| Title | Les littoraux français : Permanences, changements, enjeux |
| 260 ## - PUBLICATION, DISTRIBUTION, ETC. | |
| Name of publisher, distributor, etc. | Armand Colin,<br/> |
| Date of publication, distribution, etc. | 2024.<br/> |
| 520 ## - SUMMARY, ETC. | |
| Summary, etc. | Rédigé par un collectif d’une vingtaine d’enseignants, cet ouvrage, conforme au programme de la question, permettra aux candidats d’avoir une vision globale de la question à travers ces cinq axes:Définir les littoraux avec une échelle régionale La littoralisation progressive des politiques publiques d’un État terrien Le littoral, un espace habitéDes territoires littoraux historiquement diversifiésQuels littoraux pour demain&#8239;? |
| 700 10 - ADDED ENTRY--PERSONAL NAME | |
| Personal name | Chadenas, Céline |
| Relator term | author |
| 700 10 - ADDED ENTRY--PERSONAL NAME | |
| Personal name | Herbert, Vincent |
| Relator term | author |
| 700 10 - ADDED ENTRY--PERSONAL NAME | |
| Personal name | Robert, Samuel |
| Relator term | author |
| 856 41 - ELECTRONIC LOCATION AND ACCESS | |
| Uniform Resource Identifier | <a href="https://shs.cairn.info/les-littoraux-francais--9782200638160?lang=fr&redirect-ssocas=7080">https://shs.cairn.info/les-littoraux-francais--9782200638160?lang=fr&redirect-ssocas=7080</a> |
Pas d'exemplaire disponible.




Réseaux sociaux